000 00471nam a2200181Ia 4500
003 GCL
008 140319s9999 xx 000 0 eng d
040 _aGCL /
_cGCL
082 0 4 _a823
_bR B
100 1 _aRYAN, CORNELIUS
245 1 0 _aA BRIDGE TOO FAR /
_cRYAN, CORNELIUS
260 _a[S.N] :
_bCORONET BOOKS- HODDER AND STOUGHTON ،
_c1975
300 _a576 P
650 0 4 _aENGLISH LITERATURE
650 0 4 _aENGLISH FICTION
650 0 4 _aFICTION
942 _2ddc
_cBK
999 _c14866
_d14866